| 000 | 01194naa a22002897a 4500 | ||
|---|---|---|---|
| 001 | BR4200133 | ||
| 003 | BR-BrBNA | ||
| 005 | 20240918172802.0 | ||
| 007 | ta | ||
| 008 | 230509b bl.||||| |||| 00| 0 por d | ||
| 040 |
_aBR-BrBNA _bpor _cBiblioteca Nacional de Agricultura |
||
| 041 | _a(Pt) | ||
| 072 |
_aK50 _b2590 _b8908 |
||
| 090 | _aK50 BR4200133 | ||
| 100 | 1 | _aCarvalho, L. de | |
| 111 | 1 |
_a3. Congresso Sul-Americano de Quimica _cRio de Janeiro, GB (Brazil); Sao Paulo, SP (Brazil) _d8 Jul 1937 |
|
| 245 | 1 | _aA hypocatea-ovata, nova fonte de guta [Planta produtora de borracha] | |
| 260 | 3 |
_aRio de Janeiro, GB (Brasil): _c1942. |
|
| 500 | _aIndustrias quimicas organicas, materias primas correspondentes, estatisticas, industrias de fermentacao Rio de Janeiro, GB (Brasil): 1942. p. 35-39 (BR4200133-AM)K50 | ||
| 650 | _aIndustria florestal | ||
| 650 | _aGoma | ||
| 650 | _aExtrato | ||
| 650 | _aPlanta produtora de borracha | ||
| 773 | 0 |
_tIndustrias quimicas organicas, materias primas correspondentes, estatisticas, industrias de fermentacao _b _wK50 BR4200133 _gRio de Janeiro, GB (Brasil), 1942. p. 35-39 |
|
| 909 |
_a202404 _bLucia _c55 _dLucia Elande |
||
| 942 |
_cAM _2AGRIS |
||
| 999 |
_c301495 _d301495 |
||